ნორმალური ფორმატი
MARC ფორმატი
ჩანაწერი Personal Name
ჩანაწერთა რაოდენობა, რომელიც გამოყენებულია: 1
001 - CONTROL NUMBER
- control field: 10230
003 - CONTROL NUMBER IDENTIFIER
- control field: GE_BSU
005 - DATE AND TIME OF LATEST TRANSACTION
- control field: 20210224224753.0
008 - FIXED-LENGTH DATA ELEMENTS
- fixed length control field: 210224|| aca||aabn | a|a d
040 ## - CATALOGING SOURCE
- Original cataloging agency: GE_BSU
- Transcribing agency: GE_BSU
100 ## - HEADING--PERSONAL NAME
- Personal name: ჩანტლაძე, იზა
670 ## - SOURCE DATA FOUND
- Source citation: Work cat.: (GE_BSU)53550: ჩანტლაძე, იზა, სვანური ენის შესწავლის ისტორია (სახელთა პარადიგმატიკა) = History of Svan Language Studying /
